Major League Baseball Cities - One Minute Sprint - Statistics

General Stats
  • This quiz has been taken 306 times
  • The average score is 14 of 27
Answer Stats
City % Correct
New York
89%
Los Angeles
78%
Miami
72%
Chicago
70%
San Francisco
59%
Boston
57%
Houston
57%
Seattle
57%
Atlanta
56%
San Diego
56%
Arlington
52%
Philadelphia
52%
Pittsburgh
48%
St Louis
47%
Washington
46%
Baltimore
44%
Denver
44%
Detroit
44%
Toronto
43%
Kansas City
41%
Phoenix
41%
Milwaukee
40%
Oakland
40%
Cleveland
39%
Minneapolis
38%
Cincinnati
33%
St Petersburg
19%
No matching quizzes found
Score Distribution
Percent of People with Each Score
Percentile by Number Answered
Your Score History
You have not taken this quiz